00703nam a2200145Ia 4500008004100000050002400041100002800065245019400093260008600287300002800373521002300401942000700424999001900431952010700450140724s9999 xx 000 0 und d aPN 4700b.F639 2007 aFloro Jr, David Ryan C. 4aThe effects of reading for him magazine on the sexual behavior of selected male students of Southville International School and Colleges :ba qualitative analysis /cDavid Ryan C. Floro Jr. aLas Piñas, Philippines :bSouthville International School and Colleges,cc2007. a84 p. :bill. ;c28 cm. aMass Communication cTH c228883d228883 001040aCLbCLcTHESESd2014-07-24l0oPN 4700 .F639 2007pT0237r2018-05-15 00:00:00w2014-07-24yTH